Κοινωνικός αποκλεισμός και άτομα με ειδικές ανάγκες : [πτυχιακή εργασία]
Αποθηκεύτηκε σε:
| Κύριος συγγραφέας: | |
|---|---|
| Συγγραφή απο Οργανισμό/Αρχή: | |
| Άλλοι συγγραφείς: | |
| Μορφή: | Thesis Βιβλίο |
| Γλώσσα: | Greek |
| Δημοσίευση: |
2012
|
| Θέματα: | |
| Διαθέσιμο Online: | http://hdl.handle.net/11610/6062 |
| Ετικέτες: |
Προσθήκη ετικέτας
Δεν υπάρχουν, Καταχωρήστε ετικέτα πρώτοι!
|
MARC
| LEADER | 00000cam a2200000 i 4500 | ||
|---|---|---|---|
| 001 | 1/18967 | ||
| 008 | 120425s2012 gre d | ||
| 035 | |l 10112260 | ||
| 040 | |a GR-MY-UA |b gre |e aacr | ||
| 041 | 0 | |a gre | |
| 082 | 0 | |a 362 |2 (22) | |
| 100 | 1 | |a Αθανασάκου, Μαρία-Σπυριδούλα. | |
| 245 | 1 | 0 | |a Κοινωνικός αποκλεισμός και άτομα με ειδικές ανάγκες : |b [πτυχιακή εργασία] / |c Αθανασάκου Μαρία-σπυριδούλα ; επιβλέπουσα καθηγήτρια: Πετράκου Ηλέκτρα |
| 260 | |c 2012 | ||
| 300 | |a 68 σ.; |c 30 εκ. | ||
| 502 | |a Πτυχιακή εργασία – Πανεπιστήμιο Αιγαίου, Λέσβος, 2012. | ||
| 504 | |a Βιβλιογραφία: σ. 49-51 | ||
| 650 | 0 | 0 | |a People with disabilities |x Research. |
| 650 | 0 | 0 | |a People with disabilities |x Services for. |
| 650 | 0 | 0 | |a Marginality, Social. |
| 650 | 0 | 0 | |a Dissertations, Academic |z Greece. |
| 700 | 1 | |4 ths |a Πετράκου, Ηλέκτρα. | |
| 710 | 2 | |a Πανεπιστήμιο Αιγαίου. |b Σχολή Κοινωνικών Επιστημών. |b Τμήμα Γεωγραφίας. | |
| 852 | |a INST |b LESVOS |c DIATR |e 20120425 |h 669 |p 005100050475 |q 005100050475 |t DIE |y 23 | ||
| 852 | |a INST |b LESVOS |c DIATR |e 20120425 |h 670 |p 005100050474 |q 005100050474 |t DIE |y 23 | ||
| 856 | |u http://hdl.handle.net/11610/6062 | ||
| 901 | |a BIBL1-2012-1 | ||
| 909 | |a Λ |b 173779 | ||
| 909 | |a Λ |b 173778 | ||
| 924 | |a ΑΘΑΝΑΣΑΚΟΥ |b ΜΑΡΙΑ-ΣΠΥΡΙΔΟΥΛΑ |y ΛΕΣΒΟΣ |z 2012-03 | ||
| 970 | |a ΤΖΑΦΕΡΗ |b ΕΥΑΓΓΕΛΙΑ |z 2012/04/25 | ||